DC Comics by Garth Ennis - Statistics

General Stats
  • This quiz has been taken 13 times
  • The average score is 8 of 25
Answer Stats
Answer % Correct
Preacher
77%
Hellblazer
62%
Hitman
62%
Hitman/Lobo: That Stupid Bastich
62%
JLA/Hitman
62%
The Boys
62%
The Demon
62%
Batman: Reptillian
46%
All-Star Section Eight
38%
The Authority: Kev
38%
War Stories
31%
Dastardly and Muttley
23%
Enemy Ace
23%
Midnighter
23%
The Authority: More Kev
23%
A Man Called Kev
15%
Ex Machina
15%
Flinch
15%
Pride & Joy
15%
Sixpack/Dogwelder: Hard Travelin' Heroz
15%
Battler Britton
8%
DC 1,000,000
8%
DC Goes to War
8%
DC the Doomed and the Damned
8%
The Sandman
8%
No matching quizzes found
Score Distribution
Percent of People with Each Score
Percentile by Number Answered
Your Score History
You have not taken this quiz